<?xml version="1.0" encoding="UTF-8"?>
<record
    xmlns:xsi="http://www.w3.org/2001/XMLSchema-instance"
    xsi:schemaLocation="http://www.loc.gov/MARC21/slim http://www.loc.gov/standards/marcxml/schema/MARC21slim.xsd"
    xmlns="http://www.loc.gov/MARC21/slim">

  <leader>00905aaa a2200265 a 4500</leader>
  <controlfield tag="001">81088</controlfield>
  <controlfield tag="003">BD-RjUL</controlfield>
  <controlfield tag="005">20230117144219.0</controlfield>
  <controlfield tag="008">230117s1952    sa ||||| |||| 00| 0 ara d</controlfield>
  <datafield tag="035" ind1=" " ind2=" ">
    <subfield code="a">(BD-RjUL)81088</subfield>
  </datafield>
  <datafield tag="040" ind1=" " ind2=" ">
    <subfield code="a">BD-RjUL</subfield>
    <subfield code="b">eng</subfield>
    <subfield code="c">BD-RjUL</subfield>
  </datafield>
  <datafield tag="041" ind1=" " ind2=" ">
    <subfield code="a">ara</subfield>
  </datafield>
  <datafield tag="082" ind1=" " ind2=" ">
    <subfield code="2">23</subfield>
    <subfield code="a">181.092</subfield>
    <subfield code="b">QAM 1952</subfield>
  </datafield>
  <datafield tag="100" ind1="1" ind2=" ">
    <subfield code="a">Qamir, yohanaa   &#x642;&#x645;&#x64A;&#x631;, &#x64A;&#x648;&#x62D;&#x646;&#x627;</subfield>
    <subfield code="9">250829</subfield>
  </datafield>
  <datafield tag="245" ind1="1" ind2="0">
    <subfield code="a"> &#x645;&#x642;&#x62F;&#x645;&#x629; &#x627;&#x628;&#x646; &#x62E;&#x644;&#x62F;&#x648;&#x646; : &#x62F;&#x631;&#x627;&#x633;&#x629; -&#x645;&#x62E;&#x62A;&#x627;&#x631;&#x627;&#x62A; ;; muqadimat alealamat abn khaldun :  dirasat -mukhtarat /</subfield>
    <subfield code="c">Yohanna Qamir&#x64A;&#x648;&#x62D;&#x646;&#x627; &#x642;&#x645;&#x64A;&#x631;  </subfield>
  </datafield>
  <datafield tag="250" ind1=" " ind2=" ">
    <subfield code="a">Revised second edition     &#x637;&#x628;&#x639;&#x629; &#x62B;&#x627;&#x646;&#x64A;&#x629; &#x645;&#x646;&#x642;&#x62D;&#x629;</subfield>
  </datafield>
  <datafield tag="260" ind1=" " ind2=" ">
    <subfield code="a">Bairut : </subfield>
    <subfield code="b">Matbuat  Kasulikyah ,</subfield>
    <subfield code="c">1952</subfield>
  </datafield>
  <datafield tag="300" ind1=" " ind2=" ">
    <subfield code="a">V. :</subfield>
    <subfield code="b">ill. ;</subfield>
    <subfield code="c">23 cm</subfield>
  </datafield>
  <datafield tag="490" ind1=" " ind2=" ">
    <subfield code="a">  ;  &#x641;&#x644;&#x627;&#x633;&#x641;&#x629; &#x627;&#x644;&#x639;&#x631;&#x628;</subfield>
    <subfield code="v">3</subfield>
  </datafield>
  <datafield tag="505" ind1=" " ind2=" ">
    <subfield code="t">Vol. 3.--</subfield>
  </datafield>
  <datafield tag="600" ind1=" " ind2=" ">
    <subfield code="a">Ibn Khaldun </subfield>
  </datafield>
  <datafield tag="650" ind1=" " ind2=" ">
    <subfield code="a">Philosopher</subfield>
    <subfield code="z">Arab</subfield>
    <subfield code="9">6606</subfield>
  </datafield>
  <datafield tag="700" ind1=" " ind2=" ">
    <subfield code="a">Qamir, Uhanna   </subfield>
    <subfield code="9">6607</subfield>
  </datafield>
  <datafield tag="942" ind1=" " ind2=" ">
    <subfield code="2">ddc</subfield>
    <subfield code="c">BK</subfield>
  </datafield>
  <datafield tag="999" ind1=" " ind2=" ">
    <subfield code="c">81088</subfield>
    <subfield code="d">81088</subfield>
  </datafield>
  <datafield tag="952" ind1=" " ind2=" ">
    <subfield code="0">0</subfield>
    <subfield code="1">0</subfield>
    <subfield code="2">ddc</subfield>
    <subfield code="4">0</subfield>
    <subfield code="7">1</subfield>
    <subfield code="8">NFIC</subfield>
    <subfield code="a">RUCL</subfield>
    <subfield code="b">RUCL</subfield>
    <subfield code="c">Reading</subfield>
    <subfield code="d">2023-01-17</subfield>
    <subfield code="l">0</subfield>
    <subfield code="o">A 181.092 QAM  V-3 1952</subfield>
    <subfield code="r">2023-01-17 00:00:00</subfield>
    <subfield code="t">C-1</subfield>
    <subfield code="w">2023-01-17</subfield>
    <subfield code="y">BK</subfield>
  </datafield>
</record>
